Donativos 2021 El Efecto del ISR en Donantes y Donatarias Autorizadas /

Detalles Bibliográficos
Autor principal: Luna Guerra, Antonio
Formato: eBook
Lenguaje:español
Publicado: Ciudad de Mx̌ico: Ediciones Fiscales ISEF, 2021
Materias:
Acceso en línea:Acceso restringido

MARC

LEADER 00000nam a22000007a 4500
005 20211012211848.0
007 cr|||| ||||
008 211012s2021 mx |||||s|||| 00||0 spa d
020 |a 978-368-726-424-8 
035 |a 35243 
040 |a vLex 
090 |c 12520  |d 12520 
100 1 |a Luna Guerra, Antonio 
245 1 0 |a Donativos 2021  |h [Recurso electrn̤ico] :  |b El Efecto del ISR en Donantes y Donatarias Autorizadas /  |c Antonio Luna Guerra 
256 |a Servicio en ln̕ea 
260 |a Ciudad de Mx̌ico:  |b Ediciones Fiscales ISEF,  |c 2021 
300 |a 1 recurso electrn̤ico 
500 |a Para 2021 se espera una fiscalizacin̤ muy fuerte por la baja recaudacin̤ y el fuerte gasto pb︢lico. Las DONATARIAS autorizadas pasan a ser el centro de atencin̤ del SAT, IMSS y las Secretara̕s de Finanzas. Es conveniente estar al corriente en las obligaciones fiscales por lo que los DONATIVOS representan una figura conveniente de analizar a fondo. 
506 1 |a Disponible solo en los productos indicados  |d vLex Global  |d vLex Global (Academic Edition, excluding Law Schools)  |d vLex Global (U.S. Academic Edition, Law Schools)  |d vLex Global (U.S. Academic Edition, excluding Law Schools)  |d vLex Global (Academic Edition, Law Schools) 
650 0 4 |a Derecho Fiscal  |z Mx̌ico 
740 0 |a vLex Libros (Servicio en ln̕ea) 
856 4 0 |u https://app.vlex.com/#/sources/35243  |z Acceso restringido 
942 |c BOOK 
999 0 |a Tax Law